Procesamiento de información (Registro nro. 8203)

Detalles MARC
000 -LEADER
fixed length control field 01193 a2200205 4500
001 - CONTROL NUMBER
control field 63518
005 - DATE AND TIME OF LATEST TRANSACTION
control field 20260407155933.0
008 - FIXED-LENGTH DATA ELEMENTS--GENERAL INFORMATION
fixed length control field 260407a1974 arg spa d
003 - CONTROL NUMBER IDENTIFIER
control field AR-UNSa-BCEJYS
040 ## - CATALOGING SOURCE
Original cataloging agency AR-UNSa-BCEJYS
Language of cataloging spa
Transcribing agency AR-UNSa-BCEJYS
080 ## - UNIVERSAL DECIMAL CLASSIFICATION NUMBER
Universal Decimal Classification number 004.42
Common auxiliary subdivision Programación de ordenadores. Programas de ordenador
041 ## - LANGUAGE CODE
Language code of text/sound track or separate title spa
100 1# - MAIN ENTRY--PERSONAL NAME
Personal name Clark, Frank J.
245 10 - TITLE STATEMENT
Title Procesamiento de información
264 #1 - PRODUCTION, PUBLICATION, DISTRIBUTION, MANUFACTURE, AND COPYRIGHT NOTICE
Place of production, publication, distribution, manufacture Buenos Aires :
Name of producer, publisher, distributor, manufacturer El Ateneo
Date of production, publication, distribution, manufacture, or copyright notice 1974
300 ## - PHYSICAL DESCRIPTION
Extent xiii, 334 p.
Dimensions 22 cm.
505 ## - FORMATTED CONTENTS NOTE
Formatted contents note 1. El desarrollo histórico del procesamiento de información – 2. La tarjeta perforada y el equipo de registro unitario – 3. Elementos del pensamiento respecto de la solución de problemas: el hombre y la computadora – 4. Representación de datos – 5. Elementos y funciones – 6. El “HARDWARE” – 7. Aritmética binaria y hexadecimal – 8. Lógica y redes de conmutación – 9. Decisiones programadas – 10. Archivos: organización y mantenimiento – 11. Programación – 12. Lenguajes de programación – 13. Tiempo compartido – 14. Sistemas empresariales – 15. Analistas de sistemas –
590 ## - LOCAL NOTE (RLIN)
Local note niveau_biblio:m niveau_hierar:0
942 ## - ADDED ENTRY ELEMENTS (KOHA)
Koha item type
Existencias
Withdrawn status Lost status Damaged status Not for loan Home library Current library Shelving location Date acquired Total checkouts Full call number Barcode Date last seen Price effective from Koha item type
        Biblioteca Prof. Eusebio Cleto del Rey Biblioteca Prof. Eusebio Cleto del Rey   07/04/2026   004.42 C592 L13275 07/04/2026 07/04/2026 Libro